Slovník spoločenských vied /SPN/
Salvato in:
| Autore principale: | |
|---|---|
| Natura: | Libro |
| Lingua: | slovacco |
| Pubblicazione: |
Bratislava
Slovenské pedagogické nakladateľstvo - Media trade, s.r.o.
1997
|
| Soggetti: | |
| Tags: |
Nessun Tag, puoi essere il primo ad aggiungerne!!
|
MARC
| LEADER | 00000nam$a2200000$$$4500 | ||
|---|---|---|---|
| 001 | 0059398 | ||
| 005 | 20240111125559.5 | ||
| 020 | |a 80-08-02665-0 | ||
| 041 | 0 | |a slo | |
| 044 | |a SK | ||
| 245 | 1 | 0 | |a Slovník spoločenských vied /SPN/ |c Ladislav Kiczko ... [et al.] |
| 264 | 1 | |a Bratislava |b Slovenské pedagogické nakladateľstvo - Media trade, s.r.o. |c 1997 | |
| 300 | |a 303 s. | ||
| 610 | 2 | 0 | |a vedy spoločenské |
| 610 | 2 | 0 | |a politológia |
| 610 | 2 | 0 | |a právo |
| 610 | 2 | 0 | |a sociológia |
| 610 | 2 | 0 | |a psychológia |
| 610 | 2 | 0 | |a estetika |
| 610 | 2 | 0 | |a filozofia |
| 610 | 2 | 0 | |a dejiny filozofie |
| 100 | 1 | |a Kiczko, Ladislav | |